7 Perso - 1 Pts Commun - Harry Potter #23 - Statistiques

Statistiques générales
  • Ce quiz a été pris 142 fois
  • Le résultat moyen est 2 sur 7
Statistiques - réponses
Personnages % Correct
Fenrir Greyback
100%
Bill Weasley
14%
Luna Lovegood
11%
Neville Londubat
11%
Yaxley
11%
Bataille de la tour d'astronomie
10%
Filius Flitwick
5%
Aucun quiz correspondant
Distribution des résultats
% des personnes avec chaque résultat
Percentile par nombre de réponses
Votre historique - résultats
Vous n’avez pas pris ce quiz